Statistics for Canadian Prime Ministers by Picture

Click here to take the quiz!

General Stats

  • This quiz has been taken 454 times
  • The average score is 13 of 23

Answer Stats

Answer% Correct
Justin Trudeau
100%
Pierre Trudeau
85%
Stephen Harper
85%
John A. Macdonald
76%
Kim Campbell
73%
Jean Chrétien
71%
Brian Mulroney
65%
Wilfrid Laurier
65%
John Diefenbaker
63%
Lester B. Pearson
58%
Paul Martin
57%
Joe Clark
54%
Robert Borden
52%
William Lyon Mackenzie King
52%
Alexander Mackenzie
51%
John Turner
47%
Louis St. Laurent
40%
Arthur Meighen
36%
Charles Tupper
36%
Richard Bedford Bennett
36%
John Thompson
33%
John Abbott
32%
Mackenzie Bowell
32%

Score Distribution

Percentile by Number Answered

Percent of People with Each Score

Your Score History

You have not taken this quiz